[Event "Africa-ch Amateur U2300"]
[Site "Freetown"]
[Date "2019.09.05"]
[Round "3.5"]
[White "Atif Mahgoub, Elhassan"]
[Black "Degondo, Simplice Armel"]
[Result "0-1"]
[WhiteElo "1920"]
[BlackElo "2159"]
[PlyCount "80"]
[EventDate "2019.09.04"]
[EventType "tourn"]
[EventRounds "9"]
[EventCountry "SIE"]
[SourceTitle "EXT 2024"]
[Source "ChessBase"]
[SourceDate "2023.10.10"]
[SourceVersion "1"]
[SourceVersionDate "2023.10.10"]
[SourceQuality "1"]

1. e4 c5 2. d4 cxd4 3. Nf3 d6 4. Bc4 Nf6 5. Qe2 Nc6 6. h3 e6 7. 0-0 a6 8. c3 dxc3 9. Nxc3 Be7 10. Rd1 Qa5 11. Bf4 Ne5 12. Bd2 Qc7 13. Bb3 0-0 14. Rac1 Qb8 15. Nd4 Nc6 16. Nxc6 bxc6 17. f4 a5 18. e5 Nd5 19. Bc2 Nxc3 20. Bxc3 d5 21. g4 c5 22. f5 Bg5 23. Bd2 Ba6 24. Qe1 Bxd2 25. Rxd2 Qb4 26. Qe3 d4 27. Qf2 Qxb2 28. Rb1 Qa3 29. Rb3 Qc1+ 30. Rd1 Qg5 31. Kh2 c4 32. Rg3 d3 33. Bb1 Rfd8 34. Rf3 Bb7 35. Rf4 Rac8 36. h4 Qe7 37. f6 Qc5 38. Qg3 Qxe5 39. Re1 Qd6 40. h5 c3 0-1

[Event "Africa-ch Amateur U2300"]
[Site "Freetown"]
[Date "2019.09.04"]
[Round "1.4"]
[White "Charles, Haji Kiadii"]
[Black "Degondo, Simplice Armel"]
[Result "1/2-1/2"]
[WhiteElo "1884"]
[BlackElo "2159"]
[PlyCount "184"]
[EventDate "2019.09.04"]
[EventType "tourn"]
[EventRounds "9"]
[EventCountry "SIE"]
[SourceTitle "EXT 2024"]
[Source "ChessBase"]
[SourceDate "2023.10.10"]
[SourceVersion "1"]
[SourceVersionDate "2023.10.10"]
[SourceQuality "1"]

1. d4 d5 2. Nf3 Nf6 3. e3 g6 4. Be2 Bg7 5. Nc3 0-0 6. 0-0 b6 7. Ne5 Bb7 8. f4 Nbd7 9. Bf3 c5 10. Re1 cxd4 11. exd4 e6 12. Ne2 Rc8 13. c3 Ne8 14. Ng3 Nd6 15. Qe2 Nf6 16. Qd3 h5 17. Nf1 Nfe4 18. Be2 a5 19. Nd2 Qe8 20. Rf1 a4 21. a3 f6 22. Nef3 Bc6 23. Qc2 b5 24. Qd1 Nf5 25. Nxe4 dxe4 26. Ne1 Bd5 27. Nc2 Bb3 28. Qd2 Ne7 29. Ne3 f5 30. Qe1 Bf6 31. Qf2 Kf7 32. Re1 Qc6 33. Qf1 Rb8 34. Bd1 Bc4 35. Nxc4 bxc4 36. Qe2 Nd5 37. Qc2 Ra8 38. Qe2 Rfc8 39. Bc2 Rc7 40. Rf1 Raa7 41. g3 Ke8 42. Re1 Kd8 43. Rf1 Kc8 44. Re1 Kb7 45. h4 Ka6 46. Kg2 Rab7 47. Qd1 Ka5 48. Re2 Rb6 49. Qe1 Be7 50. Kh3 Nf6 51. Bd1 Rcb7 52. Rg2 Bd8 53. Qf1 Ng4 54. Qe1 Be7 55. Rc2 Nf6 56. Rg2 Bd6 57. Rf2 Ka6 58. Qf1 Nd5 59. Rc2 Ka5 60. Be2 Rc7 61. Bd1 Rc8 62. Be2 Qc7 63. Bd1 Nf6 64. Be2 Ng4 65. Bd1 Nf6 66. Be2 Be7 67. Bd1 Ne8 68. Re2 Nd6 69. Rd2 Qc6 70. Be2 Nb7 71. Qd1 Rb5 72. Qc2 Kb6 73. Rd1 Na5 74. Be3 Qd5 75. Rf1 Rb3 76. Bd1 Kc6 77. Qe2 Rcb8 78. Bxb3 Rxb3 79. Rad1 Nb7 80. Bc1 Nd6 81. Qc2 Ne8 82. Kh2 Nf6 83. Kg1 Qb5 84. Rfe1 Kd5 85. Kg2 Ng4 86. Re2 Kc6 87. Rde1 Qd5 88. Kg1 Kd7 89. Rf1 Ke8 90. Rfe1 Kf7 91. Rf1 Qb7 92. Rfe1 Bf8 1/2-1/2

[Event "Ouagadougou zt 4.4"]
[Site "Ouagadougou"]
[Date "2018.12.15"]
[Round "4"]
[White "James, Tondo"]
[Black "Degondo, Simplice Armel"]
[Result "0-1"]
[WhiteElo "1884"]
[BlackElo "2157"]
[PlyCount "64"]
[EventDate "2018.12.13"]
[EventType "swiss"]
[EventRounds "9"]
[EventCountry "BUR"]
[SourceTitle "CBM 187 Extra"]
[Source "ChessBase"]
[SourceDate "2018.11.04"]
[SourceVersion "1"]
[SourceVersionDate "2018.11.04"]
[SourceQuality "1"]

1. d4 d5 2. c4 c6 3. e3 Nf6 4. Nc3 e6 5. Qc2 Nbd7 6. Nf3 Be7 7. Bd3 0-0 8. 0-0 a6 9. c5 Qc7 10. b4 e5 11. Nxe5 Nxe5 12. dxe5 Qxe5 13. Bb2 Ng4 14. g3 Qh5 15. Kg2 Qxh2+ 16. Kf3 Ne5+ 17. Ke2 Bg4+ 18. Kd2 Bf6 19. Ne2 Nxd3 20. Qxd3 Bxe2 21. Qxe2 Bxb2 22. Rab1 Bf6 23. Rh1 Qg2 24. g4 g6 25. a3 Qe4 26. f3 Qc4 27. Qxc4 dxc4 28. a4 Rad8+ 29. Ke2 c3 30. f4 Rd2+ 31. Kf3 c2 32. Rbc1 Bb2 0-1

[Event "Ouagadougou zt 4.4"]
[Site "Ouagadougou"]
[Date "2018.12.14"]
[Round "2"]
[White "Adesina, Adeyinka"]
[Black "Degondo, Simplice Armel"]
[Result "1/2-1/2"]
[WhiteElo "2175"]
[BlackElo "2157"]
[PlyCount "80"]
[EventDate "2018.12.13"]
[EventType "swiss"]
[EventRounds "9"]
[EventCountry "BUR"]
[SourceTitle "CBM 187 Extra"]
[Source "ChessBase"]
[SourceDate "2018.11.04"]
[SourceVersion "1"]
[SourceVersionDate "2018.11.04"]
[SourceQuality "1"]

1. Nf3 d5 2. b3 c5 3. Bb2 Nc6 4. g3 f6 5. Bg2 e5 6. 0-0 Be6 7. e3 Qd7 8. d4 cxd4 9. exd4 e4 10. Nfd2 f5 11. c4 Nf6 12. cxd5 Nxd5 13. Nc4 b5 14. Ne5 Nxe5 15. dxe5 Bc5 16. Nc3 Nxc3 17. Qxd7+ Kxd7 18. Bxc3 Ke7 19. Kh1 Rad8 20. Ba5 Rd5 21. f4 exf3 22. Bxf3 Rxe5 23. Bc3 Re3 24. Bxg7 Rxf3 25. Rxf3 Bd5 26. Kg2 Re8 27. Re1+ Kf7 28. Rxe8 Kxe8 29. Bh6 Kf7 30. Bd2 Ke6 31. Bh6 Be4 32. h3 Kd5 33. g4 fxg4 34. hxg4 Bb6 35. Bg7 Bd4 36. Bf8 Bb6 37. Bg7 Bd4 38. Bh6 Bb6 39. Bf8 Bc5 40. Bg7 Bd4 1/2-1/2

[Event "Olympiad-43"]
[Site "Batumi"]
[Date "2018.10.03"]
[Round "9.1"]
[White "Degondo, Simplice Armel"]
[Black "Alharari, Mohammed Alsouri"]
[Result "1-0"]
[WhiteElo "2138"]
[BlackElo "2038"]
[PlyCount "83"]
[EventDate "2018.09.24"]
[EventType "team-swiss"]
[EventRounds "11"]
[EventCountry "GEO"]
[SourceTitle "CBM 187"]
[Source "ChessBase"]
[SourceDate "2018.12.11"]
[SourceVersion "1"]
[SourceVersionDate "2018.12.11"]
[SourceQuality "1"]
[WhiteTeam "Ivory Coast"]
[BlackTeam "Libya"]
[WhiteTeamCountry "IVO"]
[BlackTeamCountry "LBY"]

1. e4 d5 2. exd5 Qxd5 3. Nc3 Qd6 4. d4 Nf6 5. Bd3 a6 6. Nge2 Bg4 7. f3 Bh5 8. Bf4 Qb6 9. Qd2 e6 10. 0-0-0 Bd6 11. Be3 Qa5 12. Kb1 Nbd7 13. Qc1 Bg6 14. Ne4 Nd5 15. Bd2 Nb4 16. Bc4 Qb6 17. h4 h6 18. Bb3 0-0-0 19. a3 Nd5 20. Ka2 N5f6 21. c4 Be7 22. c5 Qc6 23. N2c3 Nxe4 24. fxe4 Bxe4 25. Ba4 Bd5+ 26. Ka1 b5 27. cxb6 Qxb6 28. Nxd5 exd5 29. Qc2 Nf6 30. Qf5+ Qe6 31. Qd3 Ne4 32. Ba5 Rd6 33. Rc1 Bd8 34. Rc2 f5 35. Rhc1 Qe7 36. Rc6 Rxc6 37. Rxc6 Nd6 38. Qxa6+ Kb8 39. Bb4 Qf7 40. Bc5 Nc8 41. Re6 c6 42. Bxc6 1-0

[Event "Africa-ch"]
[Site "Oran"]
[Date "2017.07.08"]
[Round "7"]
[White "Hamdan, Abderahmane El Hadi"]
[Black "Degondo, Simplice Armel"]
[Result "0-1"]
[WhiteElo "2082"]
[BlackElo "2174"]
[PlyCount "86"]
[EventDate "2017.07.02"]
[EventType "swiss"]
[EventRounds "9"]
[EventCountry "ALG"]
[SourceTitle "EXT 2018"]
[Source "ChessBase"]
[SourceDate "2017.10.13"]
[SourceVersion "1"]
[SourceVersionDate "2017.10.13"]
[SourceQuality "1"]

1. d4 d5 2. c4 c6 3. Nf3 Nf6 4. Nc3 e6 5. Bg5 h6 6. Bh4 dxc4 7. e4 g5 8. Bg3 b5 9. h4 g4 10. Ne5 Bb4 11. f3 Qa5 12. Qc2 gxf3 13. gxf3 Bb7 14. 0-0-0 Nbd7 15. Bh3 Nh5 16. Bh2 Nxe5 17. Bxe5 Rg8 18. Bg4 Ng7 19. Rhg1 Bxc3 20. Qxc3 Qxc3+ 21. bxc3 Ke7 22. Bh3 f6 23. Bf4 Nh5 24. Bxh6 Rxg1 25. Rxg1 Rh8 26. Be3 Kf7 27. e5 f5 28. Bg5 Rc8 29. f4 c5 30. Rd1 cxd4 31. Rxd4 Bc6 32. Rd6 Ng3 33. Kb2 b4 34. Rd8 Ne2 35. Rxc8 bxc3+ 36. Ka3 c2 37. Rc7+ Kg6 38. Rxc6 c1Q+ 39. Kb4 Qd2+ 40. Ka4 Qxa2+ 41. Kb4 Qb3+ 42. Kc5 Qa3+ 43. Kxc4 Qc3+ 0-1

[Event "Accra zt 4.4"]
[Site "Accra"]
[Date "2016.03.31"]
[Round "4"]
[White "Anwuli, Daniel"]
[Black "Degondo, Simplice Armel"]
[Result "1-0"]
[WhiteElo "2365"]
[BlackElo "2140"]
[PlyCount "103"]
[EventDate "2016.03.29"]
[EventType "swiss"]
[EventRounds "9"]
[EventCountry "GHA"]
[SourceTitle "CBM 171 Extra"]
[Source "ChessBase"]
[SourceDate "2016.04.26"]
[SourceVersion "1"]
[SourceVersionDate "2016.04.26"]
[SourceQuality "1"]

1. e4 e5 2. Nf3 Nc6 3. Bb5 Nf6 4. 0-0 Bc5 5. Bxc6 dxc6 6. d3 Bg4 7. h3 Bxf3 8. Qxf3 0-0 9. Bg5 Be7 10. Nd2 Nd7 11. Be3 Bc5 12. Qg3 Qe7 13. Nc4 Rae8 14. Rae1 b5 15. Bxc5 Qxc5 16. Ne3 Re6 17. f4 Rg6 18. Qf2 exf4 19. Qxf4 Rd6 20. Kh1 Qe5 21. Qxe5 Nxe5 22. Nf5 Rd7 23. a4 g6 24. Ne3 bxa4 25. Ra1 Rd4 26. Ra3 Rb8 27. Rb1 Kf8 28. Nd1 c5 29. Rba1 Ke7 30. Rxa4 Rxa4 31. Rxa4 Rb7 32. b3 Kd6 33. Kg1 Nc6 34. Kf2 Nb4 35. Ne3 Ke5 36. Ra5 Kd6 37. Ke2 a6 38. c3 Nc6 39. Rxa6 Kd7 40. Nc4 f6 41. Rxc6 Kxc6 42. Na5+ Kb6 43. Nxb7 Kxb7 44. Kf3 Kc6 45. Kf4 Kd6 46. g4 h6 47. h4 Ke6 48. h5 g5+ 49. Ke3 Ke5 50. d4+ cxd4+ 51. cxd4+ Kd6 52. Kd3 1-0

[Event "Abidjan op"]
[Site "Abidjan"]
[Date "2015.06.28"]
[Round "9"]
[White "Degondo, Simplice Armel"]
[Black "Ilouno, Ikenna"]
[Result "1-0"]
[WhiteElo "2147"]
[BlackElo "1826"]
[PlyCount "65"]
[EventDate "2015.06.26"]
[EventType "swiss"]
[EventRounds "9"]
[EventCountry "IVO"]
[SourceTitle "EXT 2016"]
[Source "ChessBase"]
[SourceDate "2015.10.08"]
[SourceVersion "1"]
[SourceVersionDate "2015.10.08"]
[SourceQuality "1"]

1. e4 d5 2. exd5 Nf6 3. d4 Nxd5 4. c4 Nf6 5. Nc3 e6 6. Bg5 Be7 7. Nf3 0-0 8. Bd3 Nbd7 9. Qe2 b6 10. 0-0 Bb7 11. Rad1 Re8 12. Rfe1 c6 13. Ne5 Nf8 14. Qf3 Qc7 15. c5 Red8 16. Bf4 Qc8 17. b4 Ng6 18. Bxg6 hxg6 19. Bg5 Rf8 20. h4 Qc7 21. Bf4 Qc8 22. b5 cxb5 23. c6 a6 24. cxb7 Qc7 25. bxa8Q Rxa8 26. Qxa8+ Kh7 27. Rc1 Bb4 28. a3 Bxc3 29. Qf8 Nh5 30. g4 f6 31. gxh5 fxe5 32. Bxe5 Qc6 33. Qxg7# 1-0

[Event "Abidjan op"]
[Site "Abidjan"]
[Date "2015.06.28"]
[Round "7"]
[White "Degondo, Simplice Armel"]
[Black "Osunfuyi, Abimbola"]
[Result "0-1"]
[WhiteElo "2147"]
[BlackElo "2147"]
[PlyCount "34"]
[EventDate "2015.06.26"]
[EventType "swiss"]
[EventRounds "9"]
[EventCountry "IVO"]
[SourceTitle "EXT 2016"]
[Source "ChessBase"]
[SourceDate "2015.10.08"]
[SourceVersion "1"]
[SourceVersionDate "2015.10.08"]
[SourceQuality "1"]

1. e4 e6 2. d4 d5 3. Nd2 Be7 4. Qg4 Nf6 5. Qxg7 Rg8 6. Qh6 dxe4 7. c3 b6 8. Qe3 Bb7 9. Bb5+ Nbd7 10. h3 Rxg2 11. Ne2 Rg6 12. Ng3 c5 13. b3 a6 14. Bf1 Qc7 15. Bg2 Bd6 16. Ndf1 cxd4 17. cxd4 Nd5 0-1

[Event "Abidjan op"]
[Site "Abidjan"]
[Date "2015.06.27"]
[Round "6"]
[White "Assemien Koutou, Elvis Nicolas"]
[Black "Degondo, Simplice Armel"]
[Result "0-1"]
[WhiteElo "1692"]
[BlackElo "2147"]
[PlyCount "78"]
[EventDate "2015.06.26"]
[EventType "swiss"]
[EventRounds "9"]
[EventCountry "IVO"]
[SourceTitle "EXT 2016"]
[Source "ChessBase"]
[SourceDate "2015.10.08"]
[SourceVersion "1"]
[SourceVersionDate "2015.10.08"]
[SourceQuality "1"]

1. d4 Nf6 2. g3 d5 3. Nc3 Bf5 4. Bg2 Nc6 5. e3 Nb4 6. e4 Nxe4 7. Nxe4 Bxe4 8. Bxe4 dxe4 9. a3 Nc6 10. c3 e5 11. Ne2 exd4 12. Nxd4 Nxd4 13. Qxd4 Qxd4 14. cxd4 0-0-0 15. Be3 h6 16. 0-0 g5 17. b4 Bg7 18. Rfd1 Rhg8 19. Rac1 f5 20. f4 exf3 21. d5 f4 22. Bc5 fxg3 23. hxg3 h5 24. Rd3 g4 25. d6 Rd7 26. Be3 Rgd8 27. Bd4 Bf8 28. Bc5 Bxd6 29. Bxd6 Rxd6 30. Rxd6 Rxd6 31. Rc4 b6 32. Rf4 Rd7 33. Re4 Rd2 34. Re8+ Kd7 35. Rh8 Rg2+ 36. Kf1 Rxg3 37. Rxh5 Rg2 38. Rg5 g3 39. Ke1 f2+ 0-1

[Event "Lagos Millionaire Satellite op"]
[Site "Lagos"]
[Date "2015.06.11"]
[Round "4"]
[White "Edet, Udeme"]
[Black "Degondo, Simplice Armel"]
[Result "1/2-1/2"]
[WhiteElo "2119"]
[BlackElo "2147"]
[PlyCount "148"]
[EventDate "2015.06.10"]
[EventType "swiss"]
[EventRounds "9"]
[EventCountry "NGR"]
[SourceTitle "EXT 2018"]
[Source "ChessBase"]
[SourceDate "2017.10.13"]
[SourceVersion "1"]
[SourceVersionDate "2017.10.13"]
[SourceQuality "1"]

1. e4 e5 2. Nf3 Nc6 3. Bb5 a6 4. Ba4 Nf6 5. Nc3 Bb4 6. 0-0 0-0 7. Nd5 Bc5 8. d3 h6 9. Be3 Bxe3 10. Nxf6+ Qxf6 11. fxe3 Qe7 12. Qe1 d6 13. Nh4 Be6 14. c3 b5 15. Bc2 Nb8 16. Nf5 Bxf5 17. Rxf5 g6 18. Rf3 Kg7 19. Qf2 Nd7 20. Rf1 f6 21. Rg3 Kh7 22. d4 Rad8 23. h4 h5 24. Rf3 Kh6 25. Kh1 c5 26. d5 Rde8 27. Rg1 f5 28. exf5 e4 29. f6 Nxf6 30. Rf4 Ng4 31. Qg3 Rxf4 32. exf4 e3 33. Re1 Qf6 34. Bd1 Nf2+ 35. Kg1 Nxd1 36. Rxd1 Re4 37. Qg5+ Qxg5 38. hxg5+ Kg7 39. g3 h4 40. Kg2 hxg3 41. Kf3 Ra4 42. Kxe3 Rxa2 43. Rb1 g2 44. Kf2 b4 45. cxb4 cxb4 46. Kxg2 Ra5 47. Rd1 Rc5 48. Rd2 a5 49. Kf3 a4 50. Rd4 Rb5 51. Ke4 Kf7 52. Rc4 a3 53. bxa3 b3 54. Rc1 b2 55. Rb1 Rb3 56. Kd4 Rf3 57. Kc4 Rxf4+ 58. Kb5 Ke7 59. Rxb2 Rd4 60. Kc6 Rc4+ 61. Kb6 Rg4 62. Rh2 Rxg5 63. Rh7+ Kf6 64. Kc6 Rg3 65. a4 Ra3 66. Ra7 Ke5 67. Re7+ Kf5 68. Rf7+ Ke5 69. Re7+ Kf5 70. Kxd6 Rxa4 71. Rf7+ Ke4 72. Ke6 g5 73. d6 g4 74. d7 Rd4 1/2-1/2

[Event "Lome zt 4.4"]
[Site "Lome"]
[Date "2015.03.21"]
[Round "9"]
[White "Degondo, Simplice Armel"]
[Black "Unwana, Eugene Ekpoikong"]
[Result "0-1"]
[WhiteElo "2145"]
[BlackElo "2285"]
[PlyCount "94"]
[EventDate "2015.03.14"]
[EventType "swiss"]
[EventRounds "9"]
[EventCountry "TOG"]
[SourceTitle "CBM 165 Extra"]
[Source "ChessBase"]
[SourceDate "2015.04.21"]
[SourceVersion "1"]
[SourceVersionDate "2015.04.21"]
[SourceQuality "1"]

1. d4 Nf6 2. c4 e5 3. dxe5 Ng4 4. Qd4 d6 5. exd6 Nc6 6. Qe4+ Be6 7. Nc3 Bxd6 8. Nf3 Bc5 9. e3 0-0 10. a3 Re8 11. h3 f5 12. Qc2 Nge5 13. Nxe5 Nxe5 14. Na4 Bf8 15. Be2 Qh4 16. Bd2 Nxc4 17. g3 Qe4 18. Qxe4 fxe4 19. 0-0-0 c6 20. Bb4 c5 21. Be1 b5 22. Nc3 b4 23. Nxe4 bxa3 24. bxa3 Nxa3 25. Ng5 Bb3 26. Bf3 Rab8 27. Rd7 h6 28. Ne4 Be6 29. Rd3 Rb1+ 30. Kd2 c4 31. Rd4 Reb8 32. Ke2 R8b2+ 33. Bd2 Rxh1 34. Bxh1 Nb5 35. Rd8 c3 36. Nxc3 Nxc3+ 37. Kd3 Nb5 38. g4 Kf7 39. f4 Rb3+ 40. Kc2 Na3+ 41. Kd1 Rb1+ 42. Bc1 Bb3+ 43. Ke2 Rxc1 44. Be4 Bc5 45. h4 Rc3 46. Rd7+ Ke8 47. Rd3 Bc4 0-1

[Event "Lome zt 4.4"]
[Site "Lome"]
[Date "2015.03.20"]
[Round "8"]
[White "Adu, Oladapo"]
[Black "Degondo, Simplice Armel"]
[Result "1-0"]
[WhiteElo "2199"]
[BlackElo "2145"]
[PlyCount "109"]
[EventDate "2015.03.14"]
[EventType "swiss"]
[EventRounds "9"]
[EventCountry "TOG"]
[SourceTitle "CBM 165 Extra"]
[Source "ChessBase"]
[SourceDate "2015.04.21"]
[SourceVersion "1"]
[SourceVersionDate "2015.04.21"]
[SourceQuality "1"]

1. d4 Nf6 2. Nf3 g6 3. g3 Bg7 4. Bg2 0-0 5. c4 d5 6. cxd5 Nxd5 7. 0-0 Na6 8. Nc3 Nxc3 9. bxc3 c5 10. Bf4 cxd4 11. cxd4 Be6 12. Qa4 Bd5 13. Rfd1 Be4 14. Rac1 Qd5 15. Qb3 Rfd8 16. Qa3 Rd7 17. Bh3 e6 18. Ne5 Bxe5 19. Bxe5 g5 20. f3 Bg6 21. e4 Qb5 22. Bf1 Qb4 23. Qxb4 Nxb4 24. Bb5 Nc6 25. Bf6 h6 26. d5 exd5 27. exd5 Rc7 28. dxc6 bxc6 29. Bxc6 Rac8 30. Rd8+ Rxd8 31. Bxd8 Rc8 32. Bf6 Bf5 33. Rc3 Rb8 34. g4 Rb1+ 35. Kf2 Rb2+ 36. Kg3 Be6 37. Rd3 Rb8 38. Ra3 Rb6 39. Be4 Bxa2 40. Bxg5 hxg5 41. Rxa2 a6 42. Bd3 Kg7 43. Rxa6 Rb3 44. Be4 Rb4 45. h4 gxh4+ 46. Kxh4 Rd4 47. Kg5 Rd8 48. Ra7 Rd6 49. f4 Rb6 50. Bd5 Rf6 51. f5 Rg6+ 52. fxg6 Kh8 53. Ra8+ Kg7 54. gxf7 Kh7 55. Be4+ 1-0

[Event "Africa-ch"]
[Site "Windhoek"]
[Date "2014.12.21"]
[Round "8"]
[White "Degondo, Simplice Armel"]
[Black "Kigigha, Bomo"]
[Result "0-1"]
[WhiteElo "2177"]
[BlackElo "2291"]
[PlyCount "76"]
[EventDate "2014.12.13"]
[EventType "swiss"]
[EventRounds "9"]
[EventCountry "NAM"]
[SourceTitle "CBM 164 Extra"]
[Source "ChessBase"]
[SourceDate "2015.03.02"]
[SourceVersion "1"]
[SourceVersionDate "2015.03.02"]
[SourceQuality "1"]

1. Nf3 c5 2. e4 Nc6 3. d4 cxd4 4. Nxd4 Qb6 5. Nb3 Nf6 6. Nc3 e6 7. Be3 Qc7 8. a3 a6 9. f4 d6 10. Bd3 Be7 11. 0-0 0-0 12. g4 b5 13. g5 Nd7 14. e5 dxe5 15. Bxh7+ Kxh7 16. Qh5+ Kg8 17. Rf3 f5 18. Rh3 Nf6 19. gxf6 Bxf6 20. Rd1 exf4 21. Bc5 Bb7 22. Qh7+ Kf7 23. Qh5+ g6 24. Qh7+ Bg7 25. Rh6 Ne5 26. Bxf8 Rxf8 27. Nd4 Qb6 28. Kf1 Rh8 29. Qxh8 Bxh8 30. Rxh8 Ng4 31. Rd2 e5 32. Nb3 Qc6 33. Rh7+ Kg8 34. Rxb7 Qxb7 35. Rd8+ Kg7 36. Nd5 Ne3+ 37. Nxe3 Qf3+ 38. Ke1 fxe3 0-1

[Event "Africa-ch"]
[Site "Windhoek"]
[Date "2014.12.17"]
[Round "5"]
[White "Degondo, Simplice Armel"]
[Black "Khoa, Goodwill"]
[Result "1-0"]
[WhiteElo "2177"]
[BlackElo "1990"]
[PlyCount "102"]
[EventDate "2014.12.13"]
[EventType "swiss"]
[EventRounds "9"]
[EventCountry "NAM"]
[SourceTitle "CBM 164 Extra"]
[Source "ChessBase"]
[SourceDate "2015.03.02"]
[SourceVersion "1"]
[SourceVersionDate "2015.03.02"]
[SourceQuality "1"]

1. e4 e5 2. Nf3 Nc6 3. d4 exd4 4. Bc4 h6 5. 0-0 Bc5 6. c3 dxc3 7. Qd5 Qe7 8. e5 d6 9. exd6 Bxd6 10. Re1 Be6 11. Qb5 0-0-0 12. Bxe6+ fxe6 13. bxc3 g5 14. Nbd2 a6 15. Qb3 e5 16. Rb1 b6 17. Qd5 Kb7 18. Nc4 Bb4 19. Qe4 Nf6 20. Qc2 Bc5 21. Ncxe5 Nxe5 22. Rxe5 Qd6 23. Be3 Bxe3 24. Rxe3 Rde8 25. Rxe8 Rxe8 26. Rd1 Qe6 27. h3 Qe2 28. Qb3 Qe6 29. c4 g4 30. hxg4 Nxg4 31. Qd3 Qe4 32. Qd5+ Qxd5 33. cxd5 Rd8 34. Nh4 Nf6 35. Nf5 Rxd5 36. Rxd5 Nxd5 37. Nxh6 b5 38. g4 b4 39. Kf1 Kb6 40. g5 Nf4 41. Ng4 Ng6 42. Ke2 Ka5 43. Ke3 Ka4 44. f4 Ka3 45. f5 Nh4 46. Kf4 Kxa2 47. g6 b3 48. g7 b2 49. g8Q+ Ka1 50. Qg7 Ng2+ 51. Kg3 Ne1 1-0